000 00761nam a2200253 i 4500
001 bg
100 1 _aKUSTRA, Ewa
_d(1941- )
245 1 0 _aWstęp do nauk o państwie i prawie /
_cEwa Kustra.
250 _aWyd. 2.
260 _aToruń :
_bTowarzystwo Naukowe Organizacji i Kierownictwa "Dom Organizatora",
_c2000.
300 _a240, [3] s. ;
_c24 cm.
504 _aBibliogr. przy rozdz.
650 9 _aPaństwo
_xteoria
650 9 _aPrawo
_xteoria
655 _aPodręczniki akademickie
020 _a8372850038
040 _cBPK
041 0 _apl
080 _a340.12(075.8)
920 _a83-7285-003-8
942 _cKS
008 s pl f |000 0 pol
999 _c41651
_d41651
856 _uhttp://koha.tu.koszalin.pl/cgi-bin/koha/opac-detail.pl?biblionumber=41651
_yKatalog online BPK